Welcome to CU Library Online Public Access Catalogue (OPAC)

Handbook of interpretation of diagnostic tests / (Record no. 4029)

MARC details
000 -LEADER
fixed length control field 00982pam a2200241 a 4500
001 - CONTROL NUMBER
control field 711536
005 - DATE AND TIME OF LATEST TRANSACTION
control field 20250221121317.0
008 - FIXED-LENGTH DATA ELEMENTS--GENERAL INFORMATION
fixed length control field 971209s1998 paua f 001 0 eng c
020 ## - INTERNATIONAL STANDARD BOOK NUMBER
International Standard Book Number 0781712211 (pbk.)
050 10 - LIBRARY OF CONGRESS CALL NUMBER
Classification number RB38.2
Item number .W349 1998
082 00 - DEWEY DECIMAL CLASSIFICATION NUMBER
Classification number 616.07/56
Edition information 21
100 1# - MAIN ENTRY--PERSONAL NAME
Personal name Wallach, Jacques
Fuller form of name (Jacques Burton),
Dates associated with a name 1926-
245 10 - TITLE STATEMENT
Title Handbook of interpretation of diagnostic tests /
Statement of responsibility, etc. Jacques Wallach.
260 ## - PUBLICATION, DISTRIBUTION, ETC.
Place of publication, distribution, etc. Philadelphia :
Name of publisher, distributor, etc. Lippincott Williams & Wilkins
Date of publication, distribution, etc. c1998.
300 ## - PHYSICAL DESCRIPTION
Extent xi, 564 p. :
Other physical details ill. ;
Dimensions 22 cm.
500 ## - GENERAL NOTE
General note Includes index.
500 ## - GENERAL NOTE
General note An abridgment of Interpretation of diagnostic tests. 6th ed. 1996.
650 #0 - SUBJECT ADDED ENTRY--TOPICAL TERM
Topical term or geographic name entry element Diagnosis, Laboratory
General subdivision Handbooks, manuals, etc.
650 12 - SUBJECT ADDED ENTRY--TOPICAL TERM
Topical term or geographic name entry element Laboratory Techniques and Procedures
General subdivision handbooks.
700 1# - ADDED ENTRY--PERSONAL NAME
Personal name Wallach, Jacques B.
Fuller form of name (Jacques Burton),
Dates associated with a name 1926-
Title of a work Interpretation of diagnostic tests.
856 42 - ELECTRONIC LOCATION AND ACCESS
Materials specified Publisher description
Uniform Resource Identifier <a href="http://www.loc.gov/catdir/enhancements/fy0712/97051668-d.html">http://www.loc.gov/catdir/enhancements/fy0712/97051668-d.html</a>
942 ## - ADDED ENTRY ELEMENTS (KOHA)
Source of classification or shelving scheme Library of Congress Classification
Koha item type Books
Suppress in OPAC No
999 ## -
-- 4029
-- 4029
Holdings
Withdrawn status Lost status Source of classification or shelving scheme Damaged status Not for loan Collection Home library Current library Shelving location Date acquired Total checkouts Full call number Barcode Date last seen Copy number Price effective from Koha item type
    Library of Congress Classification     Non-fiction Science Library (Miotso) Science Library (Miotso) General stacks 02/21/2025   RB38.2 .W349 WAL SLM00003476 02/21/2025 1 02/21/2025 Books
© 2023-2024 Copyright: Central University Libraries. All Rights Reserved | Created by: Mahone Tech Office